| 000 | 00522nam a2200217Ia 4500 | ||
|---|---|---|---|
| 005 | 20250425161208.0 | ||
| 008 | 250425s9999 xx 000 0 und d | ||
| 020 | _a0471596175 | ||
| 041 | _aeng | ||
| 082 | _a629.8042 | ||
| 100 | _aMERRITT, HERBERT E. | ||
| 245 | 0 | _aHYDRAULIC CONTROL SYSTEMS | |
| 250 | _aS.E. | ||
| 260 |
_aEstados Unidos _bJOHN WILEY & SON _c1967 |
||
| 260 | _aNEW YORK | ||
| 300 | _a358 | ||
| 650 | _aCONTROL HIDRAULICO | ||
| 650 | _aSISTEMAS DE CONTROL | ||
| 942 | _c01 | ||
| 010 | _a14808 | ||
| 999 |
_c204318 _d204318 |
||